| Tag |
First Indicator |
Second Indicator |
Subfields |
| LEADER |
00000cam a22000008a 4500 |
| 001 |
in00002513613 |
| 005 |
20151111061510.0 |
| 008 |
090508s2009 miu 000 1 eng |
| 010 |
|
|
|a 2009018582
|
| 020 |
|
|
|a 9780310321989
|
| 020 |
|
|
|a 0310321980
|
| 020 |
|
|
|a 9780310250654 (pbk.)
|
| 020 |
|
|
|a 031025065X (pbk.)
|
| 035 |
|
|
|a (OCoLC)ocn320895396
|
| 035 |
|
|
|a (OCoLC)320895396
|
| 040 |
|
|
|a DLC
|c DLC
|d DOV
|d UtOrBLW
|
| 049 |
|
|
|a TXAM
|
| 050 |
0 |
0 |
|a PS3552.L34285
|b I58 2009
|
| 082 |
0 |
0 |
|a 813/.6
|2 22
|
| 100 |
1 |
|
|a Blackstock, Terri,
|d 1957-
|
| 245 |
1 |
0 |
|a Intervention :
|b a novel /
|c Terri Blackstock.
|
| 263 |
|
|
|a 0910
|
| 264 |
|
1 |
|a Grand Rapids, Mich. :
|b Zondervan,
|c 2009.
|
| 300 |
|
|
|a pages cm.
|
| 336 |
|
|
|a text
|b txt
|2 rdacontent
|
| 337 |
|
|
|a unmediated
|b n
|2 rdamedia
|
| 338 |
|
|
|a volume
|b nc
|2 rdacarrier
|
| 650 |
|
0 |
|a Parent and adult child
|v Fiction.
|
| 650 |
|
0 |
|a Drug addicts
|x Rehabilitation
|v Fiction.
|
| 655 |
|
7 |
|a Christian fiction.
|2 gsafd
|
| 655 |
|
7 |
|a Mystery fiction.
|2 gsafd
|
| 948 |
|
|
|a cataloged
|b h
|c 2009/9/25
|d c
|e ceaton
|f 2:32:57 pm
|
| 994 |
|
|
|a C0
|b TXA
|
| 999 |
|
|
|a MARS
|
| 999 |
f |
f |
|s 560d42be-18ef-391e-b374-8c1b535043dc
|i 043f058b-ebe5-31d8-9bc1-be310538f439
|t 0
|
| 952 |
f |
f |
|p normal
|a Texas A&M University
|b College Station
|c Sterling C. Evans Library
|d Evans: Library Stacks
|t 0
|e PS3552.L34285 I58 2009
|h Library of Congress classification
|i unmediated -- volume
|m A14838896589
|
| 998 |
f |
f |
|a PS3552.L34285 I58 2009
|t 0
|l Evans: Library Stacks
|